000 01009cad a22002415a 4500
001 E151141
008 101004s2009 xxk f 100 0 eng d
020 _a9781842195192
035 _a(Sirsi) u151141
041 0 _aeng
100 1 _aSimpson, Yvonne
111 2 _aConstruction and Building Research Conference
_cUniversity of Cape Town
_d10-11 September 2009
245 0 0 _aValue for money
_ba quantity surveyors perspective of the quantitative versus the qualitative
_h[electronic resource]
260 _aLondon
_bRICS
_c2009
520 _aA paper presented at the COBRA Conference in Cape Town on 10-11 September 2009.
590 _aKA
650 2 4 _aCONSTRUCTION AND BUILDING RESEARCH CONFERENCE (COBRA)
651 4 _aInternational
690 _aBUILT ENVIRONMENT-CONSTRUCTION MANAGEMENT-CONSTRUCTION VALUE MANAGEMENT
700 1 _aDye, John
856 4 0 _uhttps://www.rics.org/site/scripts/download_info.aspx?fileID=4681&categoryID=524
_zView the item free of charge at www.rics.org
942 _n0
999 _c111189
_d111189